000 00559nam a2200157 4500
008 0 2001 0a 000 0COL
020 _a958-41-0220-6
050 _aTK5105 8 M3 2001
082 _a004.68 M465r
100 _aMaxwell, Steve
245 _aRed Hat Linux : Herramientas para la Adminstración de Redes / Steve Maxwell
260 _aBogot -Colombia : McGrawHill
300 _axxviii, 700 p. / 22 cm.
500 _aIncluye Glosario e Índice.
650 _a1. REDES DE COMPUTACIÓN-ADMINISTRACIÓN-PROCESAMIENTO \ 2. LINUX PANEL DE CONTROL
999 _c13186
_d13186